<?xml version="1.0" encoding="UTF-8"?>
<collection xmlns="http://www.loc.gov/MARC21/slim">
 <record>
  <leader>01307nam a2200193   4500</leader>
  <controlfield tag="001">NCT_7069</controlfield>
  <controlfield tag="008">171015b        xxu||||| |||| 00| 0 vie d</controlfield>
  <datafield tag="999" ind1=" " ind2=" ">
   <subfield code="c">359</subfield>
   <subfield code="d">359</subfield>
  </datafield>
  <datafield tag="082" ind1="0" ind2=" ">
   <subfield code="2">23rd ed.</subfield>
   <subfield code="a">808.042</subfield>
   <subfield code="b">T527</subfield>
  </datafield>
  <datafield tag="245" ind1="0" ind2="0">
   <subfield code="a">Tuyển tập các bài luận Tiếng Anh trong các kỳ thi =</subfield>
   <subfield code="b">The best model examination essays</subfield>
  </datafield>
  <datafield tag="260" ind1=" " ind2=" ">
   <subfield code="a">Tp.HCM</subfield>
   <subfield code="b">Tổng Hợp</subfield>
   <subfield code="c">2016</subfield>
  </datafield>
  <datafield tag="653" ind1=" " ind2=" ">
   <subfield code="a">Học tiếng Anh</subfield>
  </datafield>
  <datafield tag="942" ind1=" " ind2=" ">
   <subfield code="2">ddc</subfield>
   <subfield code="c">BK</subfield>
  </datafield>
  <datafield tag="952" ind1=" " ind2=" ">
   <subfield code="0">0</subfield>
   <subfield code="1">0</subfield>
   <subfield code="2">ddc</subfield>
   <subfield code="4">0</subfield>
   <subfield code="6">808_042000000000000_T527</subfield>
   <subfield code="7">0</subfield>
   <subfield code="9">3188</subfield>
   <subfield code="a">000001</subfield>
   <subfield code="b">000001</subfield>
   <subfield code="d">2017-11-10</subfield>
   <subfield code="l">7</subfield>
   <subfield code="o">808.042 T527</subfield>
   <subfield code="p">MD.03360</subfield>
   <subfield code="r">2020-12-09</subfield>
   <subfield code="s">2020-12-01</subfield>
   <subfield code="v">58000.00</subfield>
   <subfield code="w">2017-11-10</subfield>
   <subfield code="y">BK</subfield>
  </datafield>
  <datafield tag="952" ind1=" " ind2=" ">
   <subfield code="0">0</subfield>
   <subfield code="1">0</subfield>
   <subfield code="2">ddc</subfield>
   <subfield code="4">0</subfield>
   <subfield code="6">808_042000000000000_T527</subfield>
   <subfield code="7">0</subfield>
   <subfield code="9">3189</subfield>
   <subfield code="a">000001</subfield>
   <subfield code="b">000001</subfield>
   <subfield code="d">2017-11-10</subfield>
   <subfield code="l">6</subfield>
   <subfield code="o">808.042 T527</subfield>
   <subfield code="p">MD.02001</subfield>
   <subfield code="r">2020-12-23</subfield>
   <subfield code="s">2020-12-10</subfield>
   <subfield code="v">58000.00</subfield>
   <subfield code="w">2017-11-10</subfield>
   <subfield code="y">BK</subfield>
  </datafield>
  <datafield tag="952" ind1=" " ind2=" ">
   <subfield code="0">0</subfield>
   <subfield code="1">0</subfield>
   <subfield code="2">ddc</subfield>
   <subfield code="4">0</subfield>
   <subfield code="6">808_042000000000000_T527</subfield>
   <subfield code="7">0</subfield>
   <subfield code="9">3190</subfield>
   <subfield code="a">000001</subfield>
   <subfield code="b">000001</subfield>
   <subfield code="d">2017-11-10</subfield>
   <subfield code="l">4</subfield>
   <subfield code="o">808.042 T527</subfield>
   <subfield code="p">MD.02002</subfield>
   <subfield code="r">2021-04-01</subfield>
   <subfield code="s">2021-03-16</subfield>
   <subfield code="v">58000.00</subfield>
   <subfield code="w">2017-11-10</subfield>
   <subfield code="y">BK</subfield>
  </datafield>
  <datafield tag="952" ind1=" " ind2=" ">
   <subfield code="0">0</subfield>
   <subfield code="1">0</subfield>
   <subfield code="2">ddc</subfield>
   <subfield code="4">0</subfield>
   <subfield code="6">808_042000000000000_T527</subfield>
   <subfield code="7">0</subfield>
   <subfield code="9">3191</subfield>
   <subfield code="a">000001</subfield>
   <subfield code="b">000001</subfield>
   <subfield code="d">2017-11-10</subfield>
   <subfield code="l">7</subfield>
   <subfield code="m">1</subfield>
   <subfield code="o">808.042 T527</subfield>
   <subfield code="p">MD.02003</subfield>
   <subfield code="r">2021-05-20</subfield>
   <subfield code="s">2021-04-26</subfield>
   <subfield code="v">58000.00</subfield>
   <subfield code="w">2017-11-10</subfield>
   <subfield code="y">BK</subfield>
  </datafield>
  <datafield tag="952" ind1=" " ind2=" ">
   <subfield code="0">0</subfield>
   <subfield code="1">0</subfield>
   <subfield code="2">ddc</subfield>
   <subfield code="4">0</subfield>
   <subfield code="6">808_042000000000000_T527</subfield>
   <subfield code="7">0</subfield>
   <subfield code="9">3192</subfield>
   <subfield code="a">000001</subfield>
   <subfield code="b">000001</subfield>
   <subfield code="d">2017-11-10</subfield>
   <subfield code="o">808.042 T527</subfield>
   <subfield code="p">MD.01999</subfield>
   <subfield code="r">2017-11-10</subfield>
   <subfield code="v">58000.00</subfield>
   <subfield code="w">2017-11-10</subfield>
   <subfield code="y">BK</subfield>
  </datafield>
  <datafield tag="980" ind1=" " ind2=" ">
   <subfield code="a">Thư viện Trường Đại học Nam Cần Thơ</subfield>
  </datafield>
 </record>
</collection>
